| 000 | 00589nam a22001937a 4500 | ||
|---|---|---|---|
| 999 |
_c189376 _d189376 |
||
| 005 | 20220627105600.0 | ||
| 010 | _aENG-133386 | ||
| 020 |
_a9788190863391 _c1500.00 |
||
| 035 | _aEN-116918 | ||
| 037 | _bDBAD/PUB | ||
| 082 | _a323.09 | ||
| 245 |
_aHuman Rights Victims and Rehabilitation/ _cEdited by V. Marappan and J. Devakumar |
||
| 260 |
_aTamil Nadu _bMangala Publications _c2011 |
||
| 270 |
_aRazack Garden Main Road, Arumbakkam _bChennai |
||
| 300 |
_a876p. _c25cm(pbk) |
||
| 700 | _aMarappan, V. | ||
| 700 | _aDevakumar, J. | ||
| 942 |
_2ddc _cEN _h323.09 _mHUM |
||